Govt. of
Madhya Pradesh

भारतीय भाषाओं में रामकथा (Record no. 63587)

MARC details
000 -LEADER
fixed length control field 00371nam a22001097a 4500
082 ## - DEWEY DECIMAL CLASSIFICATION NUMBER
Classification number 294
100 ## - MAIN ENTRY--AUTHOR NAME
Personal name सिंह प्रभाकर
245 ## - TITLE STATEMENT
Title भारतीय भाषाओं में रामकथा
260 ## - PUBLICATION, DISTRIBUTION, ETC. (IMPRINT)
Place of publication दिल्‍ली
Name of publisher लेखश्री पब्लिकेशन
Year of publication 2019
650 ## - SUBJECT ADDED ENTRY--TOPICAL TERM
Topical Term धर्म
942 ## - ADDED ENTRY ELEMENTS (KOHA)
Koha item type Books
Holdings
Withdrawn status Lost status Damaged status Not for loan Home library Current library Date acquired Cost, normal purchase price Full call number Accession Number Price effective from Koha item type
        MACL MACL 13/10/2020 875.00 294 CRH038624 13/10/2020 Hindi Books